000 00367nam a22001577a 4500
005 20161015145456.0
008 161015b xxu||||| |||| 00| 0 eng d
020 _a978-81-291-2496-2
041 _aeng
100 _aMehta, V.K
_93592
245 _aPrinciple of Power System
260 _bS.Chand
_c2015
300 _a608
650 _aEngineering
_93593
942 _cBK
999 _c5265
_d5263